000 00620nam a2200217Ia 4500
003 OSt
005 20220923225514.0
006 a|||||r|||| 00| 0
007 ta
008 Pun
024 _a269,696
037 _cTextual
040 _aARTS
_cARTS
_bPun
041 _2Pun
_aPun
082 _aQ8441:31, 153M0
100 _aਸੰਤੋਖ ਸਿੰਘ
245 0 _aਸ੍ਰੀ ਗੁਰੂ ਦਸਮ ਪਾਤFਾਹ ਕਲਗੀਧਰ ਕੀਆਂਅਦਿ ਰੁਤਾਚਾਰ
260 _c1980
942 _hQ8441:31, 153M0
_cTEXL
_2CC
999 _c378693
_d378693